000 00609nam a22001817a 4500
999 _c12245
_d12245
003 AR-CdUCM
008 190408b ||||| |||| 00| 0 spa d
040 _aMUNICIPALIDAD PROVINCIAL DEL CUSCO
_cBIBLIOTECA MUNICIPAL DEL CUSCO
082 _aC / 985.72 /
_bS13
100 _aSchwab, Federico
_930007
245 _aBibliografía etnológica de la amazonia peruana /
260 _aLima :
_bCompañía de impresiones y publicaciones,
_c1940.
300 _a76 páginas ;
_c22 cm.
650 _aAmazonia peruana.
_97545
650 _aLibro bibliografico.
_930008
942 _2ddc
_cLIBROS
945 _awfj
_d2019-04-08